[Event "Club de St-Jean ferme"]
[Site "St-Jean-sur-Richelieu CAN"]
[Date "2003.02.19"]
[Round "3"]
[White "Philipps, Sacha"]
[Black "Royer, Christian"]
[Result "1-0"]
[WhiteElo "1422"]
[BlackElo "1209"]
[PlyCount "138"]
[EventDate "2003.02.05"]
[EventType "swiss"]
[EventRounds "5"]
[EventCountry "CAN"]

1. e4 d6 2. d4 Nf6 3. Nc3 c6 4. g3 g6 5. Bg2 Bg7 6. Nge2 O-O 7. O-O e5 8. dxe5
dxe5 9. Bg5 h6 10. Bxf6 Qxf6 11. f4 Rd8 12. fxe5 Rxd1 13. exf6 Rxa1 14. Rxa1
Bxf6 15. Rd1 Bg4 16. Rd6 Be7 17. Rd2 Nd7 18. h3 Bxe2 19. Rxd7 Bc5+ 20. Kh2 Ba6
21. a3 Bb6 22. Na4 Be3 23. Rd1 Bb5 24. Nc3 Bb6 25. Nxb5 cxb5 26. Rd7 Rc8 27. c3
Bc7 28. h4 b6 29. Bh3 Bb8 30. Rxf7 Re8 31. Rb7 Kf8 32. Bf1 Rd8 33. Kh3 Be5 34.
Bxb5 Rd2 35. b3 Bxc3 36. Rxa7 Rd4 37. Bc6 Rd6 38. Bd5 Rf6 39. a4 Be5 40. Kg2
Bd4 41. Rb7 Rf2+ 42. Kh3 Rf3 43. Kg4 Rf6 44. Kh3 Rf3 45. Kg2 Rf2+ 46. Kh3 Rf3
47. Rh7 Be5 48. h5 Rxg3+ 49. Kh2 Rxb3+ 50. Kg2 Rg3+ 51. Kf2 gxh5 52. Rxh6 Rg5
53. Rxb6 h4 54. Rh6 Bg3+ 55. Kf3 Rg7 56. a5 Rc7 57. a6 Rc3+ 58. Kg4 Ra3 59. Bb7
Ke7 60. Rh8 Kd6 61. Ra8 Kc7 62. e5 Bxe5 63. Kxh4 Bd4 64. Rc8+ Kb6 65. Kg4 Ra5
66. Kf4 Ka7 67. Ke4 Bf2 68. Kd3 Ra4 69. Kc3 Bb6 1-0

[Event "Club de St-Jean ferme"]
[Site "St-Jean-sur-Richelieu CAN"]
[Date "2003.02.19"]
[Round "3"]
[White "Robichaud, Jocelyn"]
[Black "Boucher, Bruno"]
[Result "1/2-1/2"]
[WhiteElo "1470"]
[BlackElo "1516"]
[PlyCount "63"]
[EventDate "2003.02.05"]
[EventType "swiss"]
[EventRounds "5"]
[EventCountry "CAN"]

1. e4 c5 2. Nf3 d6 3. d4 cxd4 4. Nxd4 Nf6 5. Nc3 a6 6. Bd3 e5 7. Nde2 Be7 8. h3
O-O 9. O-O Be6 10. Kh1 d5 11. Ng3 dxe4 12. Ncxe4 Nxe4 13. Nxe4 f5 14. Ng3 e4
15. Be2 Qc7 16. c3 Nc6 17. Qc2 Nd4 18. Qd2 Nxe2 19. Nxe2 Rad8 20. Qc2 Qc4 21.
b3 Qc6 22. Bb2 f4 23. c4 Bc5 24. Rad1 f3 25. gxf3 Rxd1 26. Qxd1 Rxf3 27. Nd4
Rxh3+ 28. Kg2 Bxd4 29. Qxd4 e3+ 30. f3 Qd7 31. Qxd7 Bxd7 32. Re1 1/2-1/2

[Event "Club de St-Jean ferme"]
[Site "St-Jean-sur-Richelieu CAN"]
[Date "2003.02.26"]
[Round "4"]
[White "Audet, Michel"]
[Black "Deneault, Leo"]
[Result "1-0"]
[WhiteElo "1713"]
[BlackElo "1121"]
[PlyCount "85"]
[EventDate "2003.02.05"]
[EventType "swiss"]
[EventRounds "5"]
[EventCountry "CAN"]

1. e4 c5 2. d4 cxd4 3. c3 dxc3 4. Bc4 e6 5. Nxc3 Bb4 6. Nge2 Ne7 7. O-O Nbc6 8.
a3 Bxc3 9. Nxc3 O-O 10. Qd6 a6 11. b4 b5 12. Bb3 f6 13. Be3 Kh8 14. Rfd1 Ne5
15. Bxe6 dxe6 16. Qxd8 Rxd8 17. Rxd8+ Ng8 18. f4 Nc4 19. Bc5 h6 20. a4 Bb7 21.
Rxa8 Bxa8 22. axb5 Nd2 23. Rxa6 Bxe4 24. Nxe4 Nxe4 25. Rxe6 f5 26. Bd4 Ngf6 27.
Bxf6 Nxf6 28. Rxf6 gxf6 29. b6 Kg7 30. b7 Kg6 31. b8=Q h5 32. h4 Kg7 33. Qe8
Kh6 34. b5 Kg7 35. b6 Kh6 36. b7 Kg7 37. b8=R Kh6 38. Qh8+ Kg6 39. Rg8+ Kf7 40.
Rf8+ Ke7 41. Qxf6+ Kd7 42. Rf7+ Kc8 43. Qh8# 1-0

[Event "Club de St-Jean ferme"]
[Site "St-Jean-sur-Richelieu CAN"]
[Date "2003.02.26"]
[Round "4"]
[White "Barre, Michel"]
[Black "Mongeau, Melissa"]
[Result "1-0"]
[WhiteElo "1936"]
[BlackElo "1215"]
[PlyCount "61"]
[EventDate "2003.02.05"]
[EventType "swiss"]
[EventRounds "5"]
[EventCountry "CAN"]

1. e4 c5 2. Nf3 g6 3. d4 cxd4 4. Qxd4 Nf6 5. e5 Nc6 6. Qa4 Nd5 7. Qe4 e6 8. c4
Nb6 9. Bg5 Be7 10. Bh6 d5 11. exd6 Qxd6 12. Nc3 Bf8 13. Bg5 Bg7 14. Rd1 Bxc3+
15. bxc3 Qc7 16. Bf6 Rg8 17. Ne5 Nd7 18. Nxd7 Bxd7 19. Be2 Qa5 20. Qd3 Qc7 21.
O-O e5 22. Bf3 Na5 23. Rfe1 Nxc4 24. Rb1 Rb8 25. Rxb7 Rxb7 26. Bxb7 Be6 27. Ba6
Kf8 28. Rd1 Qc6 29. Qd8+ Qe8 30. Qxe8+ Kxe8 31. Rd8# 1-0

[Event "Club de St-Jean ferme"]
[Site "St-Jean-sur-Richelieu CAN"]
[Date "2003.02.26"]
[Round "4"]
[White "Boileau, Samuel"]
[Black "Maxant, Joseph"]
[Result "1/2-1/2"]
[WhiteElo "1764"]
[BlackElo "1773"]
[PlyCount "79"]
[EventDate "2003.02.05"]
[EventType "swiss"]
[EventRounds "5"]
[EventCountry "CAN"]

1. d4 f5 2. c4 g6 3. Nc3 Bg7 4. f3 Nf6 5. e4 fxe4 6. fxe4 d6 7. Nf3 O-O 8. Bd3
Bg4 9. O-O Na6 10. a3 c5 11. d5 Nc7 12. Qc2 e5 13. Be3 Nh5 14. b4 b6 15. bxc5
bxc5 16. Rab1 Nf4 17. Nd2 Qg5 18. Bxf4 Rxf4 19. Nb3 Raf8 20. Rxf4 Qxf4 21. Qd2
Bh6 22. Qxf4 Bxf4 23. h3 Bd7 24. Na5 Be3+ 25. Kh1 Bd2 26. Rb3 Bxc3 27. Rxc3 Rb8
28. Rb3 Rxb3 29. Nxb3 Ba4 30. Nd2 Kf7 31. Nb1 Ke7 32. Nc3 Bd7 33. Kg1 Kd8 34.
Kf2 Kc8 35. Be2 Kb7 36. Ke3 a6 37. Kd2 Na8 38. Bd1 Nb6 39. Kd3 Kc7 40. h4
1/2-1/2

[Event "Club de St-Jean ferme"]
[Site "St-Jean-sur-Richelieu CAN"]
[Date "2003.02.26"]
[Round "4"]
[White "Boucher, Bruno"]
[Black "Philipps, Sacha"]
[Result "1-0"]
[WhiteElo "1516"]
[BlackElo "1422"]
[PlyCount "33"]
[EventDate "2003.02.05"]
[EventType "swiss"]
[EventRounds "5"]
[EventCountry "CAN"]

1. d4 g6 2. e4 e6 3. Nf3 Bg7 4. Bg5 Ne7 5. Qd2 h6 6. Bh4 c5 7. c3 cxd4 8. Nxd4
e5 9. Nb5 O-O 10. Nd6 Nbc6 11. Bc4 Qc7 12. O-O a6 13. Rd1 g5 14. Bxg5 hxg5 15.
Qxg5 Ng6 16. Qxg6 Ne7 17. Bxf7+ 1-0

[Event "Club de St-Jean ferme"]
[Site "St-Jean-sur-Richelieu CAN"]
[Date "2003.02.26"]
[Round "4"]
[White "Dubois, Real"]
[Black "Denicourt, Bruno"]
[Result "0-1"]
[WhiteElo "1184"]
[BlackElo "1601"]
[PlyCount "44"]
[EventDate "2003.02.05"]
[EventType "swiss"]
[EventRounds "5"]
[EventCountry "CAN"]

1. d4 Nf6 2. c4 d6 3. Nf3 g6 4. g3 Bg7 5. Bg2 O-O 6. O-O c5 7. d5 e6 8. dxe6
fxe6 9. Nc3 d5 10. Nxd5 exd5 11. e3 Nc6 12. Nd2 Be6 13. a3 Qd7 14. Qe1 Ne5 15.
Qd1 Bh3 16. Bxh3 Qxh3 17. f3 Nfg4 18. fxg4 Nxg4 19. Qe2 Rae8 20. Rd1 d4 21. Nf3
dxe3 22. Bxe3 Re4 0-1

[Event "Club de St-Jean ferme"]
[Site "St-Jean-sur-Richelieu CAN"]
[Date "2003.02.26"]
[Round "4"]
[White "Granger, David"]
[Black "Morin, Gaetan"]
[Result "0-1"]
[WhiteElo "1201"]
[BlackElo "1717"]
[PlyCount "80"]
[EventDate "2003.02.05"]
[EventType "swiss"]
[EventRounds "5"]
[EventCountry "CAN"]

1. e4 c5 2. Nf3 g6 3. d4 cxd4 4. Nxd4 Bg7 5. Nc3 d6 6. Be3 a6 7. Bc4 Nf6 8. Qd2
Nc6 9. f4 O-O 10. O-O-O Nxd4 11. Bxd4 b5 12. e5 dxe5 13. fxe5 Ng4 14. Bxf7+
Rxf7 15. Kb1 Be6 16. Qg5 Qc7 17. Rde1 Rd8 18. Re4 Nh6 19. h4 b4 20. Ne2 Bf5 21.
e6 Bxe4 22. exf7+ Nxf7 23. Qc5 Qxc5 24. Bxc5 Rc8 25. Ng3 Bxc2+ 26. Kxc2 Rxc5+
27. Kb3 a5 28. Re1 Kf8 29. Re6 Nd6 30. Ne4 Re5 31. Ng5 Rxe6 32. Nxe6+ Kg8 33.
Nxg7 Kxg7 34. Ka4 Nb7 35. Kb5 e5 36. Kc4 Kf6 37. g4 h5 38. g5+ Kf5 39. Kd5 e4
40. Kd4 Kf4 0-1

[Event "Club de St-Jean ferme"]
[Site "St-Jean-sur-Richelieu CAN"]
[Date "2003.02.26"]
[Round "4"]
[White "Kowalyszyn, Miguel"]
[Black "McAlpin, John-Francis"]
[Result "0-1"]
[WhiteElo "1613"]
[BlackElo "1909"]
[PlyCount "44"]
[EventDate "2003.02.05"]
[EventType "swiss"]
[EventRounds "5"]
[EventCountry "CAN"]

1. e4 c5 2. Nf3 d6 3. d4 cxd4 4. Nxd4 Nf6 5. Bc4 Nxe4 6. Bxf7+ Kxf7 7. Qh5+ g6
8. Qd5+ Kg7 9. Qxe4 e5 10. Be3 Be7 11. Nf3 Nc6 12. Nc3 Bf5 13. Qa4 a6 14. Qb3
Na5 15. Qd5 b5 16. Ne4 h6 17. Rd1 Nc4 18. O-O Nxb2 19. Nxe5 dxe5 20. Qxe5+ Bf6
21. Nxf6 Qxf6 22. Qc7+ Kg8 0-1

[Event "Club de St-Jean ferme"]
[Site "St-Jean-sur-Richelieu CAN"]
[Date "2003.02.26"]
[Round "4"]
[White "Mongeau, Diane"]
[Black "Bellerose, Robert"]
[Result "1-0"]
[WhiteElo "1883"]
[BlackElo "1698"]
[PlyCount "109"]
[EventDate "2003.02.05"]
[EventType "swiss"]
[EventRounds "5"]
[EventCountry "CAN"]

1. d4 d5 2. Nf3 Nf6 3. Bg5 e6 4. Nbd2 Be7 5. e3 h6 6. Bxf6 Bxf6 7. Bd3 c5 8. c3
c4 9. Bc2 Bd7 10. Qe2 Nc6 11. O-O O-O 12. e4 Be8 13. Rfe1 Be7 14. Ne5 Nxe5 15.
dxe5 Bc5 16. exd5 exd5 17. Nf3 Bd7 18. Rad1 Be6 19. Nd4 Qg5 20. Qe3 Qxe3 21.
Rxe3 a6 22. f4 g6 23. Rg3 Kh7 24. Kf1 Bxd4 25. Rxd4 Rad8 26. h4 h5 27. Rg5 Kh6
28. Kf2 Rg8 29. f5 gxf5 30. Bxf5 Rxg5 31. hxg5+ Kxg5 32. Bc2 Bf5 33. Bd1 Bg4
34. Bc2 Bf5 35. Bd1 Be6 36. Be2 b5 37. Ke3 Kf5 38. Bxh5 Kxe5 39. Rf4 f6 40. Bf3
a5 41. Rh4 b4 42. Rh5+ f5 43. Rh7 Ra8 44. Rb7 bxc3 45. bxc3 f4+ 46. Kd2 Bf5 47.
Re7+ Be6 48. Ke2 Rb8 49. Bg4 Rb6 50. Kf3 Ra6 51. Rxe6+ Rxe6 52. Bxe6 Kxe6 53.
Kxf4 a4 54. Ke3 Ke5 55. a3 1-0

[Event "Club de St-Jean ferme"]
[Site "St-Jean-sur-Richelieu CAN"]
[Date "2003.02.26"]
[Round "4"]
[White "Royer, Christian"]
[Black "Robichaud, Jocelyn"]
[Result "0-1"]
[WhiteElo "1209"]
[BlackElo "1470"]
[PlyCount "122"]
[EventDate "2003.02.05"]
[EventType "swiss"]
[EventRounds "5"]
[EventCountry "CAN"]

1. d4 d5 2. Nf3 Nf6 3. e3 e6 4. Nbd2 Be7 5. Bd3 Nbd7 6. O-O O-O 7. e4 dxe4 8.
Nxe4 Nxe4 9. Bxe4 Nf6 10. Bd3 h6 11. Re1 c5 12. c3 b6 13. Be3 Qc7 14. Rc1 Bb7
15. Ne5 Be4 16. Be2 Qb7 17. f3 Bh7 18. Qd2 cxd4 19. Bxd4 Rfd8 20. Bd3 Bxd3 21.
Nxd3 Rac8 22. Qe2 Qd5 23. a3 Qb7 24. Kh1 Qd7 25. Rcd1 Nd5 26. Qe4 Nf6 27. Qe2
Qb7 28. Ne5 Bd6 29. Nc4 Be7 30. Ne5 Rd5 31. Bf2 Rcd8 32. Rxd5 Qxd5 33. Bd4 Bd6
34. h3 Nd7 35. Nxd7 Rxd7 36. Qe4 Bg3 37. Qxd5 Rxd5 38. Re2 Kf8 39. Kg1 Ke7 40.
Kf1 Kd6 41. Bf2 Rd1+ 42. Re1 Rxe1+ 43. Kxe1 Bxf2+ 44. Kxf2 Kd5 45. b3 f5 46.
Ke3 g5 47. c4+ Kc5 48. g3 e5 49. Kd3 h5 50. b4+ Kd6 51. Ke3 a6 52. a4 Kc6 53.
f4 exf4+ 54. gxf4 g4 55. hxg4 hxg4 56. b5+ axb5 57. cxb5+ Kc5 58. Kf2 Kb4 59.
Kg3 Kxa4 60. Kh4 Kxb5 61. Kg5 g3 0-1

[Event "Club de St-Jean ferme"]
[Site "St-Jean-sur-Richelieu CAN"]
[Date "2003.03.05"]
[Round "5"]
[White "Barre, Michel"]
[Black "Mongeau, Diane"]
[Result "1-0"]
[WhiteElo "1936"]
[BlackElo "1883"]
[PlyCount "21"]
[EventDate "2003.02.05"]
[EventType "swiss"]
[EventRounds "5"]
[EventCountry "CAN"]

1. e4 c5 2. Nf3 g6 3. d4 Bg7 4. dxc5 Qa5+ 5. c3 Qxc5 6. Na3 a6 7. Be3 Bxc3+ 8.
Nd2 Bd4 9. Rc1 Bxe3 10. Rxc5 Bxc5 11. Qc2 1-0

[Event "Club de St-Jean ferme"]
[Site "St-Jean-sur-Richelieu CAN"]
[Date "2003.03.05"]
[Round "5"]
[White "Boucher, Bruno"]
[Black "Audet, Michel"]
[Result "0-1"]
[WhiteElo "1516"]
[BlackElo "1713"]
[PlyCount "90"]
[EventDate "2003.02.05"]
[EventType "swiss"]
[EventRounds "5"]
[EventCountry "CAN"]

1. d4 c5 2. d5 e6 3. c4 d6 4. Nc3 Be7 5. e4 a6 6. Nf3 Nd7 7. Bd3 Ngf6 8. O-O
O-O 9. Qc2 e5 10. Ne1 h6 11. f4 exf4 12. Bxf4 Ne5 13. Nf3 Nxd3 14. Qxd3 Nh5 15.
Qe3 g5 16. Bg3 Nxg3 17. hxg3 Bf6 18. Kh1 Bg7 19. Rae1 Re8 20. Qd3 Bg4 21. Nh2
Bh5 22. g4 Bg6 23. Rf2 Qd7 24. Rfe2 Rab8 25. Nd1 b5 26. Nf2 bxc4 27. Qxc4 Bxb2
28. Qxa6 Bd4 29. Qd3 Rb4 30. Kg1 Qa4 31. Nf3 Bxf2+ 32. Kxf2 Rbxe4 33. Qd2 Rxe2+
34. Rxe2 Rxe2+ 35. Qxe2 Qe4 36. Qb2 Qxd5 37. a4 c4 38. Nd4 Qc5 39. Qc3 Bd3 40.
a5 Be4 41. Kf1 Qe5 42. Qxc4 Qxa5 43. Qc8+ Kh7 44. Nf5 Qb5+ 45. Kf2 Qc5+ 0-1

[Event "Club de St-Jean ferme"]
[Site "St-Jean-sur-Richelieu CAN"]
[Date "2003.03.05"]
[Round "5"]
[White "Deneault, Leo"]
[Black "Royer, Christian"]
[Result "1/2-1/2"]
[WhiteElo "1121"]
[BlackElo "1209"]
[PlyCount "95"]
[EventDate "2003.02.05"]
[EventType "swiss"]
[EventRounds "5"]
[EventCountry "CAN"]

1. d4 d6 2. Nf3 Nf6 3. h3 g6 4. e3 Bg7 5. Bd3 O-O 6. Nbd2 Nbd7 7. O-O c6 8. c4
Qc7 9. Nb3 Re8 10. a4 a5 11. Bd2 b6 12. Bc3 Bb7 13. Nh2 e5 14. e4 c5 15. d5 h5
16. f4 exf4 17. Rxf4 Ne5 18. Qe2 Qe7 19. Nd2 Nxd3 20. Qxd3 Rad8 21. Nhf3 Bc8
22. Re1 Nh7 23. Bxg7 Kxg7 24. h4 Bg4 25. Rf1 f5 26. Qc3+ Qf6 27. exf5 Qxc3 28.
bxc3 Bxf5 29. Ng5 Nxg5 30. hxg5 Re3 31. Nf3 Re4 32. Rxe4 Bxe4 33. Nd2 Bf5 34.
Re1 Kf7 35. Kf2 Re8 36. Re3 Rxe3 37. Kxe3 Bd7 38. g3 Bxa4 39. Nb1 Bd7 40. Na3
Ke8 41. Kd3 Kd8 42. Kc2 Kc7 43. Kd2 Kb7 44. Nb5 Bxb5 45. cxb5 Kc7 46. c4 Kd7
47. Kc3 Ke7 48. Kb3 1/2-1/2

[Event "Club de St-Jean ferme"]
[Site "St-Jean-sur-Richelieu CAN"]
[Date "2003.03.05"]
[Round "5"]
[White "Maxant, Joseph"]
[Black "McAlpin, John-Francis"]
[Result "1-0"]
[WhiteElo "1773"]
[BlackElo "1909"]
[PlyCount "77"]
[EventDate "2003.02.05"]
[EventType "swiss"]
[EventRounds "5"]
[EventCountry "CAN"]

1. e4 c5 2. c3 d6 3. d4 cxd4 4. cxd4 g6 5. Nc3 Bg7 6. Nf3 Nf6 7. Be2 O-O 8. O-O
a6 9. Qb3 Nc6 10. d5 Na5 11. Qb4 Bd7 12. Be3 b5 13. Bd4 Nb7 14. a3 Rc8 15. Nd2
Nc5 16. Bxc5 dxc5 17. Qb3 Qc7 18. Nf3 Ng4 19. Nd1 c4 20. Qc2 f5 21. h3 Ne5 22.
Nxe5 Bxe5 23. Bf3 fxe4 24. Bxe4 Rf7 25. Ne3 Rcf8 26. Qe2 Qb6 27. Rad1 Bd4 28.
Qd2 Bc5 29. d6 Rxf2 30. Rxf2 Bxe3 31. dxe7 Bxf2+ 32. Kh1 Be8 33. exf8=Q+ Kxf8
34. Rf1 Kg7 35. Rxf2 a5 36. Qf4 Qc5 37. Qf6+ Kh6 38. Rf4 Qg5 39. Rh4+ 1-0

[Event "Club de St-Jean ferme"]
[Site "St-Jean-sur-Richelieu CAN"]
[Date "2003.03.05"]
[Round "5"]
[White "Mongeau, Melissa"]
[Black "Dubois, Real"]
[Result "1-0"]
[WhiteElo "1215"]
[BlackElo "1184"]
[PlyCount "150"]
[EventDate "2003.02.05"]
[EventType "swiss"]
[EventRounds "5"]
[EventCountry "CAN"]

1. e4 e5 2. Nf3 d6 3. Bc4 Be7 4. Nc3 c6 5. d4 exd4 6. Nxd4 Nf6 7. O-O O-O 8.
Bf4 Nxe4 9. Nxe4 d5 10. Bd3 dxe4 11. Bxe4 Bf6 12. c3 Bxd4 13. cxd4 Be6 14. Qh5
g6 15. Qe5 Re8 16. Bh6 f6 17. Qg3 Bf7 18. Qd3 Nd7 19. d5 cxd5 20. Bxd5 Ne5 21.
Bxf7+ Kxf7 22. Qb3+ Re6 23. Qxb7+ Re7 24. Qb3+ Re6 25. Rad1 Qe8 26. Bf4 Rb8 27.
Qc3 Kg8 28. b3 Rc8 29. Qa5 a6 30. Bxe5 fxe5 31. Rfe1 e4 32. Qd5 Kf8 33. Rd4 e3
34. Qf3+ Kg8 35. fxe3 Qe7 36. Qd5 Re8 37. Rf4 Kg7 38. Ref1 Qd6 39. Qxd6 Rxd6
40. R4f3 Rd2 41. R1f2 Rd1+ 42. Rf1 Rd3 43. Re1 Re4 44. Kf2 Rd5 45. Rf4 Rxf4+
46. exf4 h5 47. g3 Rf5 48. a4 a5 49. Re4 Rc5 50. b4 axb4 51. Rxb4 Rc2+ 52. Kg1
Rc1+ 53. Kg2 Rc2+ 54. Kh3 Rc5 55. Rb2 Ra5 56. Ra2 Kf6 57. Kh4 Kf5 58. h3 Ke4
59. Ra3 Kd4 60. f5 gxf5 61. Kxh5 f4+ 62. Kg4 fxg3 63. Kxg3 Kc4 64. h4 Kb4 65.
Ra1 Kb3 66. Kg4 Kb2 67. Rh1 Rxa4+ 68. Kg5 Ra5+ 69. Kg6 Ra6+ 70. Kf7 Ra7+ 71.
Ke6 Rh7 72. h5 Kc3 73. h6 Kd4 74. Kf6 Kd5 75. Kg6 Rd7 1-0

[Event "Club de St-Jean ferme"]
[Site "St-Jean-sur-Richelieu CAN"]
[Date "2003.03.05"]
[Round "5"]
[White "Morin, Gaetan"]
[Black "Boileau, Samuel"]
[Result "0-1"]
[WhiteElo "1717"]
[BlackElo "1764"]
[PlyCount "62"]
[EventDate "2003.02.05"]
[EventType "swiss"]
[EventRounds "5"]
[EventCountry "CAN"]

1. e4 c5 2. Nf3 d6 3. d4 cxd4 4. Nxd4 Nf6 5. Nc3 g6 6. f3 Bg7 7. Be3 Nc6 8. Qd2
Bd7 9. O-O-O a6 10. g4 b5 11. Nxc6 Bxc6 12. h4 Qa5 13. Kb1 Nd7 14. Nd5 Qxd2 15.
Rxd2 Bxd5 16. Rxd5 Ne5 17. Be2 Rc8 18. h5 Nc4 19. Bxc4 Rxc4 20. hxg6 fxg6 21.
Rd3 O-O 22. Bh6 Rfc8 23. Bxg7 Kxg7 24. Rh2 a5 25. Rd5 R4c5 26. Rhd2 Kf6 27. a3
Rxd5 28. Rxd5 Rc5 29. b4 Rxd5 30. exd5 axb4 31. axb4 h5 0-1

[Event "Club de St-Jean ferme"]
[Site "St-Jean-sur-Richelieu CAN"]
[Date "2003.03.05"]
[Round "5"]
[White "Philipps, Sacha"]
[Black "Granger, David"]
[Result "1-0"]
[WhiteElo "1422"]
[BlackElo "1201"]
[PlyCount "91"]
[EventDate "2003.02.05"]
[EventType "swiss"]
[EventRounds "5"]
[EventCountry "CAN"]

1. e4 c5 2. Nc3 Nc6 3. Bc4 g6 4. Nge2 Bg7 5. O-O Nf6 6. d3 e6 7. Bg5 O-O 8. Bb5
Qc7 9. Bxc6 bxc6 10. h3 d5 11. exd5 cxd5 12. Qd2 d4 13. Bxf6 Bxf6 14. Ne4 Be5
15. Qh6 Bb7 16. Ng5 f5 17. Nxe6 Qc6 18. N2f4 Rf7 19. f3 Re7 20. Rfe1 Qd6 21.
Re2 Rae8 22. Rae1 Rxe6 23. Nxe6 Rxe6 24. f4 Bxf4 25. Rxe6 Qxe6 26. Rxe6 Bxh6
27. Re7 Be3+ 28. Kf1 Bd5 29. Rxa7 c4 30. b4 cxd3 31. cxd3 Bc6 32. a4 Be4 33.
dxe4 fxe4 34. Re7 d3 35. Rxe4 Bd2 36. b5 Ba5 37. Rd4 d2 38. Ke2 Kf7 39. Rd7+
Ke6 40. Rxh7 Kd6 41. Rh6 Kd5 42. Rxg6 Kc5 43. Rg4 Bc3 44. Kd1 Kb6 45. h4 Ka5
46. h5 1-0

[Event "Club de St-Jean ferme"]
[Site "St-Jean-sur-Richelieu CAN"]
[Date "2003.03.05"]
[Round "5"]
[White "Robichaud, Jocelyn"]
[Black "Kowalyszyn, Miguel"]
[Result "0-1"]
[WhiteElo "1470"]
[BlackElo "1613"]
[PlyCount "53"]
[EventDate "2003.02.05"]
[EventType "swiss"]
[EventRounds "5"]
[EventCountry "CAN"]

1. e4 e5 2. Nf3 Nc6 3. Bb5 a6 4. Bxc6 bxc6 5. O-O d6 6. h3 Nf6 7. Re1 Be7 8. d4
exd4 9. Nxd4 Bd7 10. e5 dxe5 11. Rxe5 O-O 12. Re1 Bd6 13. c4 c5 14. Nf3 h6 15.
Nc3 Re8 16. Be3 Bc6 17. Nh2 Ne4 18. Nxe4 Rxe4 19. Rc1 Qf6 20. Rc2 Qg6 21. f3
Rh4 22. Kh1 Qg3 23. Nf1 Rxh3+ 24. Kg1 Qg6 25. Rf2 Rh4 26. Qc2 Qh5 27. Nh2 0-1

[Event "Dance O'Power"]
[Site "Edmonton CAN"]
[Date "2003.11.29"]
[Round "1"]
[White "Hughey, Micah"]
[Black "Ventura, Jason"]
[Result "0-1"]
[WhiteElo "2008"]
[BlackElo "1645"]
[PlyCount "63"]
[EventDate "2003.11.29"]
[EventType "game"]
[EventRounds "4"]
[EventCountry "CAN"]
[SourceDate "2003.08.17"]

1. Nf3 e6 2. d4 d5 3. e3 c5 4. c3 Nf6 5. Bd3 Nc6 6. O-O Qc7 7. Nbd2 b6 8. e4
dxe4 9. Nxe4 Bb7 10. Nxf6+ gxf6 11. Be3 O-O-O 12. dxc5 Rg8 13. cxb6 axb6 14. g3
Bd6 15. Qe2 Ne5 16. Nxe5 Bxe5 17. Ba6 Rg7 18. Rad1 Rdg8 19. Qc4 Qxc4 20. Bxc4
f5 21. Bxb6 f4 22. Bd4 fxg3 23. fxg3 Bxd4+ 24. Rxd4 e5 25. Rd6 e4 26. Rxf7 Rxf7
27. Bxf7 Rf8 28. Be6+ Kb8 29. g4 e3 30. Bf5 Bc8 31. Kf1 Kc7 32. Rh6 0-1

[Event "Dance O'Power"]
[Site "Edmonton CAN"]
[Date "2003.11.29"]
[Round "1"]
[White "Johnson, Ron"]
[Black "Pua, Richard"]
[Result "0-1"]
[WhiteElo "1062"]
[BlackElo "1818"]
[PlyCount "62"]
[EventDate "2003.11.29"]
[EventType "game"]
[EventRounds "4"]
[EventCountry "CAN"]
[SourceDate "2003.08.17"]

1. e4 e5 2. Nf3 Nc6 3. Bc4 Nf6 4. Nc3 Nxe4 5. O-O Nxc3 6. dxc3 Be7 7. Re1 d6 8.
h3 O-O 9. Bd5 Bd7 10. Qd3 Bf6 11. Bd2 Rb8 12. Re4 Bf5 13. Rae1 Ne7 14. h4 Nxd5
15. Qxd5 Bxe4 16. Rxe4 c6 17. Qd3 d5 18. Rg4 e4 19. Qe3 exf3 20. Qxf3 Kh8 21.
Qf5 Qc8 22. Qh5 g6 23. Bg5 Qd8 24. Bxf6+ Qxf6 25. Qh6 Qg7 26. Qe3 f5 27. Rg5 h6
28. h5 hxg5 29. Qxg5 gxh5 30. Qxh5+ Kg8 31. Qf3 Rbe8 0-1

[Event "Dance O'Power"]
[Site "Edmonton CAN"]
[Date "2003.11.29"]
[Round "1"]
[White "Verlik, Val"]
[Black "Wihnon, Jason"]
[Result "0-1"]
[WhiteElo "1376"]
[BlackElo "1760"]
[PlyCount "72"]
[EventDate "2003.11.29"]
[EventType "game"]
[EventRounds "4"]
[EventCountry "CAN"]
[SourceDate "2003.08.17"]

1. e4 c5 2. Nf3 d6 3. Bc4 Nf6 4. Ng5 e6 5. Nc3 Be7 6. d3 O-O 7. a3 Nxe4 8.
Ngxe4 d5 9. Ba2 dxe4 10. Nxe4 Nc6 11. O-O b6 12. Be3 Bb7 13. Qg4 Ne5 14. Qg3
Ng6 15. Ng5 Bd6 16. Qh3 h6 17. Nxf7 Rxf7 18. Bxe6 Qf6 19. Bxf7+ Qxf7 20. Bd2
Rf8 21. Rae1 Bc8 22. Qh5 Kh7 23. Re3 Bb7 24. Rh3 Bf4 25. Bc3 Qe6 26. Re1 Qc6
27. Qg4 Bc8 28. Qf3 Bxh2+ 29. Rxh2 Rxf3 30. gxf3 Qxf3 31. Re3 Qd1+ 32. Re1 Qxc2
33. Re8 Bb7 34. Re3 Qd1+ 35. Be1 Nf4 36. Kf1 Ba6 0-1

[Event "Dance O'Power"]
[Site "Edmonton CAN"]
[Date "2003.11.29"]
[Round "1"]
[White "White, Daniel"]
[Black "Quiring, John"]
[Result "0-1"]
[WhiteElo "1541"]
[BlackElo "1902"]
[PlyCount "76"]
[EventDate "2003.11.29"]
[EventType "game"]
[EventRounds "4"]
[EventCountry "CAN"]
[SourceDate "2003.08.17"]

1. Nf3 d5 2. c4 d4 3. b4 c5 4. a3 Qc7 5. d3 e5 6. g3 Nf6 7. Qb3 b6 8. Bg2 Bb7
9. Nbd2 Be7 10. O-O O-O 11. Re1 Nbd7 12. e4 Rae8 13. b5 Nh5 14. Bh3 Kh8 15. Bg4
Ndf6 16. Bh3 Bc8 17. Bxc8 Rxc8 18. Nh4 g6 19. h3 Nd7 20. Ndf3 Qd6 21. Qd1 Ng7
22. Kh2 f5 23. Bh6 Rce8 24. Qe2 Bd8 25. Ng5 Rf6 26. Rf1 Nf8 27. Bxg7+ Kxg7 28.
exf5 gxf5 29. Kg1 Qd7 30. Kh2 Rh6 31. Rg1 Bxg5 32. Raf1 Kh8 33. Nf3 Bf6 34. h4
e4 35. Ne1 Ng6 36. Qd2 Qg7 37. Ng2 Bxh4 38. gxh4 Nxh4 0-1

[Event "Dance O'Power"]
[Site "Edmonton CAN"]
[Date "2003.11.30"]
[Round "3"]
[White "Hughey, Micah"]
[Black "Dean, Tim"]
[Result "1-0"]
[WhiteElo "2008"]
[BlackElo "1835"]
[PlyCount "103"]
[EventDate "2003.11.29"]
[EventType "game"]
[EventRounds "4"]
[EventCountry "CAN"]
[SourceDate "2003.08.17"]

1. e4 e5 2. Nf3 Nc6 3. Bb5 a6 4. Ba4 Nf6 5. O-O Be7 6. Re1 b5 7. Bb3 d6 8. c3
Bg4 9. d3 O-O 10. Nbd2 Na5 11. Bc2 c5 12. h3 Bh5 13. Nf1 Re8 14. Ng3 Bg6 15.
Nh4 Nxe4 16. Nxg6 Nxg3 17. Nxe7+ Qxe7 18. fxg3 d5 19. Qg4 Nc6 20. Rf1 Qd6 21.
Bg5 Qg6 22. Qf5 f6 23. Qxg6 hxg6 24. Be3 d4 25. Bb3+ Kf8 26. cxd4 cxd4 27. Bd5
Rac8 28. Bxc6 Rxc6 29. Rac1 Rxc1 30. Bxc1 Rc8 31. Bd2 Rc2 32. Bb4+ Kf7 33. Rf2
Rc1+ 34. Kh2 Ke6 35. g4 f5 36. Rd2 Kd5 37. Kg3 e4 38. dxe4+ fxe4 39. Bc3 d3 40.
Kf2 Rxc3 41. bxc3 Kc4 42. g5 Kxc3 43. Ke3 b4 44. h4 a5 45. g4 a4 46. h5 b3 47.
axb3 axb3 48. h6 b2 49. Rxb2 Kxb2 50. hxg7 Kc1 51. g8=Q d2 52. Qc4+ 1-0

[Event "Dance O'Power"]
[Site "Edmonton CAN"]
[Date "2003.11.30"]
[Round "3"]
[White "Quiring, John"]
[Black "Asquith, Tom"]
[Result "0-1"]
[WhiteElo "1909"]
[BlackElo "1666"]
[PlyCount "52"]
[EventDate "2003.11.29"]
[EventType "game"]
[EventRounds "4"]
[EventCountry "CAN"]
[SourceDate "2003.08.17"]

1. e4 c6 2. e5 d5 3. d4 Bf5 4. Nf3 e6 5. b3 c5 6. Be2 Nc6 7. c3 Qc7 8. Nh4 Bg6
9. Nxg6 hxg6 10. Be3 Nge7 11. O-O Nf5 12. Na3 cxd4 13. Nb5 Qb8 14. cxd4 a6 15.
Nc3 Nxe5 16. dxe5 Qxe5 17. g3 Nxe3 18. fxe3 Qxe3+ 19. Kg2 Qxc3 20. Rc1 Qe5 21.
Bd3 Bd6 22. Qg4 Qe3 23. Qa4+ Ke7 24. Rce1 Rxh2+ 25. Kxh2 Qxg3+ 26. Kh1 Qh2# 0-1